LEADER 00923cam0-2200325---450- 001 990004082450403321 005 20100902105955.0 010 $a88-222-4364-1 035 $a000408245 035 $aFED01000408245 035 $a(Aleph)000408245FED01 035 $a000408245 100 $a19990604d1995----km-y0itay50------ba 101 0 $aita 102 $aIT 105 $ay-------001cy 200 1 $a<>nave di Ermete$ela cosmologia di Girolamo Fracastoro$fEnrico Peruzzi 210 $aFirenze$cOlschki$d1995 215 $aVIII, 119 p.$d24 cm 225 1 $aQuaderni di Rinascimento$v31. 610 0 $aFracastoro, Girolamo <1478-1553>$aCosmologia 676 $a113.092 700 1$aPeruzzi,$bEnrico$0157831 801 0$aIT$bUNINA$gRICA$2UNIMARC 901 $aBK 912 $a990004082450403321 952 $aP.1 FG 1996$bBibl.26994$fFLFBC 959 $aFLFBC 996 $aNave di Ermete$9479761 997 $aUNINA LEADER 03118nam 22007095 450 001 9910863295803321 005 20251113192709.0 010 $a9789811577826 010 $a981157782X 024 7 $a10.1007/978-981-15-7782-6 035 $a(CKB)4100000011469465 035 $a(MiAaPQ)EBC6355538 035 $a(DE-He213)978-981-15-7782-6 035 $a(MiAaPQ)EBC6355481 035 $a(EXLCZ)994100000011469465 100 $a20200921d2020 u| 0 101 0 $aeng 135 $aurnn|008mamaa 181 $ctxt$2rdacontent 182 $cc$2rdamedia 183 $acr$2rdacarrier 200 10$aCoronavirus Outbreak and the Great Lockdown $eImpact on Oil Prices and Major Stock Markets Across the Globe /$fby Bhaskar Bagchi, Susmita Chatterjee, Raktim Ghosh, Dhrubaranjan Dandapat 205 $a1st ed. 2020. 210 1$aSingapore :$cSpringer Nature Singapore :$cImprint: Springer,$d2020. 215 $a1 online resource (XVIII, 112 p. 29 illus., 28 illus. in color.) 225 1 $aSpringerBriefs in Economics,$x2191-5512 311 08$a9789811577819 311 08$a9811577811 327 $aIntroduction -- Pandemics and Economic Crisis -- Impact of COVID-19 on Global Economy -- Plummeting Oil Prices and Oil Demand -- Major Stock Markets of the World: An Overview -- Literature Review -- Objectives and Methodology of the Study -- Analysis and Findings -- Conclusion. 330 $aThis book captures the dynamic relationship between COVID-19 pandemic, crude oil prices and major stock indices as well as the crude oil prices and stock market volatility that have been caused due to outbreak of this pandemic. The pandemic has changed the world melodramatically and major world markets collapsed in the beginning, affecting major industries in an unprecedented way. The book will be useful to the researcher in the field of finance and economics, and policy makers both at government and private level, keeping in view the present state of economy throughout the world. 410 0$aSpringerBriefs in Economics,$x2191-5512 606 $aFinance 606 $aInternational trade 606 $aInternational finance 606 $aInternational economic integration 606 $aGlobalization 606 $aEconometrics 606 $aFinancial Economics 606 $aInternational Trade 606 $aInternational Finance 606 $aEconomic Aspects of Globalization 606 $aEconometrics 615 0$aFinance. 615 0$aInternational trade. 615 0$aInternational finance. 615 0$aInternational economic integration. 615 0$aGlobalization. 615 0$aEconometrics. 615 14$aFinancial Economics. 615 24$aInternational Trade. 615 24$aInternational Finance. 615 24$aEconomic Aspects of Globalization. 615 24$aEconometrics. 676 $a332.642 700 $aBagchi$b Bhaskar$0856376 801 0$bMiAaPQ 801 1$bMiAaPQ 801 2$bMiAaPQ 906 $aBOOK 912 $a9910863295803321 996 $aCoronavirus outbreak and the great lockdown$91912495 997 $aUNINA